[Event "31st Andorra Open"]
[Site "La Massana AND"]
[Date "2013.07.24"]
[Round "5.12"]
[White "Cabrera,Ale"]
[Black "Midoux,S"]
[Result "1-0"]
[WhiteElo "2525"]
[BlackElo "2329"]

1.d4 d5 2.c4 c6 3.Nf3 Nf6 4.Nc3 a6 5.c5 Bf5 6.Bf4 Nbd7 7.h3 h6 8.e3 e6 9.Nd2 Be7
10.Be2 O-O 11.O-O Ne8 12.Qb3 Ra7 13.Rfd1 g5 14.Bh2 Bg6 15.e4 f5 16.exd5 exd5
17.Bd3 Bf6 18.Nf3 Ng7 19.Re1 g4 20.hxg4 fxg4 21.Bxg6 gxf3 22.Nxd5 cxd5 23.Qxd5+ Kh8
24.Bc2 Nxc5 25.Qxd8 Rxd8 26.dxc5 Rd5 27.Bd6 Rg5 28.g3 Bxb2 29.Rab1 Ba3 30.Bb8 Ra8
31.Rxb7 Bxc5 32.Be4 Nh5 33.Bxf3 Rg7 34.Re8+  1-0

[Event "28th Avoine Open"]
[Site "Avoine FRA"]
[Date "2013.07.26"]
[Round "7.30"]
[White "Navrotescu,A"]
[Black "Nord,A"]
[Result "1/2-1/2"]
[WhiteElo "2112"]
[BlackElo "1989"]

1.d4 Nf6 2.Nf3 d5 3.c4 c6 4.Nc3 a6 5.g3 e6 6.Bg2 Nbd7 7.O-O Bd6 8.b3 O-O
9.Bb2 Re8 10.Qc2 Qe7 11.e4 dxe4 12.Nxe4 Nxe4 13.Qxe4 c5 14.Rad1 Nf6 15.Qc2 cxd4
16.Bxd4 e5 17.Rde1 Qc7 18.Bc3 Bg4 19.Qb2 Nd7 20.Ng5 Rac8 21.Bd5 Bh5 22.Ne4 Bf8
23.f4 exf4 24.Rxf4 Nb6 25.Ba5 Rxe4 26.Bxe4 Qc5+ 27.Kg2 Qxa5 28.Ref1 Rd8 29.R1f2 Bc5
30.b4 Qxb4 31.Qxb4 Bxb4 32.Bxb7 a5 33.Rb2 g5 34.Rf5 Nxc4 35.Rxg5+ Bg6 36.Re2 h6
37.Rg4 Nd6 38.Bd5 Kh7 39.Rf4 Kg7 40.Bb3 Nb5 41.Bc4 Nd6 42.Bb3 Re8 43.Rxe8 Nxe8
44.h4 h5 45.Kf3 Nf6 46.Rc4 Ng4 47.Rc7 Ne5+ 48.Kg2 Kf6 49.Bc2 Ke6 50.Bd1 Kf5
51.Bc2+ Kf6 52.Rc8 Bxc2 53.Rxc2 Ng4 54.Kf3 Kg6 55.Rc6+ f6 56.Rc8 Nh6 57.Rb8 Nf5
58.Rg8+ Kf7 59.Ra8 Be1 60.Ke2 Bb4 61.Kf3 Be1 62.Ke2 Bxg3 63.Rxa5 Kg6 64.Ra8 Bxh4
65.a4 Bg5 66.a5 Be3 67.a6 Kg5 68.Kf3 Bc5 69.Rg8+ Kh4 70.Rc8 Bg1 71.Rg8  1/2-1/2

[Event "Politiken Cup 2013"]
[Site "Helsingor DEN"]
[Date "2013.07.27"]
[Round "1.102"]
[White "Christiansen,Ni"]
[Black "Collareta,G"]
[Result "1/2-1/2"]
[WhiteElo "1669"]
[BlackElo "2108"]

1.d4 d5 2.c4 c6 3.Nf3 Nf6 4.Nc3 a6 5.cxd5 cxd5 6.g3 Nc6 7.Bg2 h6 8.O-O Bf5
9.Ne5 e6 10.a3 Rc8 11.e3 Bd6 12.f4 O-O 13.g4 Bxe5 14.gxf5 Bb8 15.fxe6 fxe6
16.Bh3 Qe7 17.Bd2 b5 18.Be1 Qf7 19.Qf3 Ne7 20.Bh4 Qg6+ 21.Kh1 Nf5 22.Bf2 Qh5
23.Qg2 Rc7 24.Rg1 Re7 25.Bxf5 Qxf5 26.Qg6 Qxg6 27.Rxg6 Kf7 28.Rag1 Ne8  1/2-1/2

[Event "Politiken Cup 2013"]
[Site "Helsingor DEN"]
[Date "2013.07.27"]
[Round "1.92"]
[White "Mihajlov,Seb"]
[Black "Kyrkjebo,Eirik"]
[Result "1-0"]
[WhiteElo "2138"]
[BlackElo "1711"]

1.d4 d5 2.c4 c6 3.Nf3 Nf6 4.Nc3 a6 5.cxd5 cxd5 6.Bf4 Nc6 7.e3 e6 8.Bd3 h6
9.O-O Bd6 10.Bxd6 Qxd6 11.a3 O-O 12.Na4 Bd7 13.Nc5 e5 14.Nxb7 Qc7 15.dxe5 Nxe5
16.Nxe5 Qxe5 17.b4 Ng4 18.g3 Qh5 19.h4 g5 20.Nc5 gxh4 21.Nxd7 hxg3 22.Qxg4+  1-0

[Event "VIII Vladimir Dvorkovich Open"]
[Site "Taganrog RUS"]
[Date "2013.07.27"]
[Round "6.2"]
[White "Kryakvin,D"]
[Black "Belous,V"]
[Result "1/2-1/2"]
[WhiteElo "2584"]
[BlackElo "2551"]

1.d4 d5 2.c4 c6 3.Nf3 Nf6 4.Nc3 a6 5.Qb3 e6 6.Bg5 Be7 7.e3 O-O 8.Rd1 Nbd7
9.Qc2 h6 10.Bh4 Re8 11.Be2 dxc4 12.Bxc4 b5 13.Bd3 Bb7 14.O-O Rc8 15.Bxf6 Nxf6
16.a3 Qa5 17.Ra1 Qb6 18.b4 a5 19.Rab1 axb4 20.axb4 Ra8 21.Rb3 Bd6 22.Ne4 Nxe4
23.Bxe4 Ra4 24.Rfb1 Rea8 25.Ne5 Bxe5 26.dxe5 c5 27.Bxb7 Qxb7 28.bxc5 b4 29.Qc4 Rd8
30.h3 Qd5 31.Rc1 Qxc4 32.Rxc4 Rc8 33.f4 Ra5 34.Rbxb4 Rcxc5 35.Rxc5 Rxc5 36.Kf2 h5
37.Kg3 g6 38.Kf3 Kg7 39.g4 hxg4+ 40.hxg4 Rc1 41.Rb2 Rg1 42.e4 Rf1+ 43.Kg3 Re1
44.Rb4 Rg1+ 45.Kh4 Rh1+ 46.Kg5 Re1 47.f5 gxf5 48.gxf5 exf5 49.Kxf5 Rf1+ 50.Kg5 Kf8
51.Rb7  1/2-1/2

[Event "9th Gazi 2013"]
[Site "Gazi GRE"]
[Date "2013.07.30"]
[Round "5"]
[White "Gamback,B"]
[Black "Eleftherakis,S"]
[Result "1/2-1/2"]
[WhiteElo "2140"]
[BlackElo "1916"]

1.d4 d5 2.c4 c6 3.Nf3 Nf6 4.Nc3 a6 5.a4 e6 6.g3 dxc4 7.Bg2 c5 8.dxc5 Qxd1+
9.Nxd1 Nc6 10.Ne3 Bxc5 11.Nxc4 O-O 12.O-O Rd8 13.b3 Bd7 14.Ba3 Bxa3 15.Rxa3 Rab8
16.a5 Be8 17.Rb1 Nd4 18.Nxd4 Rxd4 19.Ra2 Nd5 20.Rc2 Nb4 21.Rcc1 Bc6 22.e3 Rdd8
23.Bxc6 Nxc6 24.Rd1 Kf8 25.Kf1 Ke7 26.Ke2 Rxd1 27.Rxd1 Rd8 28.Rxd8 Nxd8 29.Kd3 Kd7
30.Kc3 Kc6 31.b4 f6 32.e4 Nf7 33.f4 e5 34.fxe5 fxe5 35.h4  1/2-1/2

[Event "Politiken Cup 2013"]
[Site "Helsingor DEN"]
[Date "2013.07.30"]
[Round "5.18"]
[White "Bekker Jensen,S"]
[Black "Pedersen,NicK"]
[Result "1-0"]
[WhiteElo "2414"]
[BlackElo "2180"]

1.d4 d5 2.c4 c6 3.Nf3 Nf6 4.Nc3 a6 5.c5 Nbd7 6.Bf4 g6 7.h3 Bg7 8.e3 O-O 9.Bd3 Ne8
10.O-O Nc7 11.Re1 Re8 12.Bg5 Ne6 13.Bh4 b5 14.cxb6 c5 15.Nxd5 Nxb6 16.Nxb6 Qxb6
17.d5 Nc7 18.Bc4 Qxb2 19.Rb1 Qc3 20.Qa4 Bf8 21.Bg3 e5 22.Rec1 Rb8 23.Rxc3  1-0

[Event "114th US Open"]
[Site "Middleton USA"]
[Date "2013.07.31"]
[Round "5"]
[White "Shepherd,Duncan"]
[Black "Checa,Nicolas D"]
[Result "0-1"]
[WhiteElo "1686"]
[BlackElo "2021"]

1.d4 d5 2.c4 c6 3.Nf3 Nf6 4.Nc3 a6 5.c5 Nbd7 6.Bf4 Nh5 7.Bd2 g6 8.e3 Bg7
9.Be2 O-O 10.O-O Nhf6 11.Na4 Ne4 12.Be1 Re8 13.Nd2 Nxd2 14.Bxd2 e5 15.Bc3 Rb8
16.f3 Qe7 17.Re1 Qg5 18.Bf1 Qh4 19.Qd2 e4 20.f4 Nf6 21.Qf2 Qh6 22.Ba5 Ng4
23.Qg3 Bf6 24.Qh3 Qf8 25.Rec1 Qe7 26.Be2 h5 27.f5 Bxf5 28.Bxg4 Bxg4 29.Qg3 Bh4
30.Qd6 Qg5 31.Rc3 Bf3 32.g3 Qg4 33.Bc7 Qh3 34.Rc2 Bg5 35.Re1 Rbc8 36.Nb6 Re6
37.Qd7 Rce8 38.Nc8 Bg4 39.Nd6 R8e7 40.Qc8+ Kg7 41.Qxb7 Rf6 42.Rg2 Bf3 43.Rc2 Bxe3+
44.Rxe3 Be2  0-1

[Event "9th Ribeira Valley Open 2013"]
[Site "Registro BRA"]
[Date "2013.07.31"]
[Round "3.25"]
[White "Do Prado,Andrielle Souza Brito"]
[Black "Massarioli,F"]
[Result "0-1"]
[WhiteElo "1704"]
[BlackElo "2028"]

1.d4 d5 2.c4 c6 3.Nc3 Nf6 4.Nf3 a6 5.cxd5 cxd5 6.Qc2 Nc6 7.Bf4 e6 8.e3 Bd6
9.a3 Bxf4 10.exf4 Qa5 11.Bd3 Nb4 12.axb4 Qxa1+ 13.Nb1 Bd7 14.b3 Rc8 15.Qd2 Ne4
16.Qe3 Qb2 17.O-O O-O 18.Bxe4 dxe4 19.Qxe4 Bc6 20.Qe3 Bxf3 21.Qxf3 Rc1 22.Qd3 Qc2
23.Qxc2 Rxc2 24.g3 Rb2 25.Rc1 Rxb3 26.Nd2 Rxb4 27.Nf3 a5 28.f5 exf5 29.d5 Rb6
30.Ra1 Ra6 31.Rb1 a4 32.Rxb7 a3 33.Rb1 a2 34.Ra1 Rb8 35.Rxa2 Rxa2 36.Ne5 Rd8
37.Nc6 Rd7 38.Kg2 Kf8 39.Kf3 Rxd5 40.Nb4 Ra3+ 41.Kg2 Rd2 42.h3 Ra4 43.Nc6 Raa2  0-1

[Event "FSFMB August 2013"]
[Site "Budapest HUN"]
[Date "2013.08.03"]
[Round "1.3"]
[White "Bacsi,A"]
[Black "Darnell,Anton"]
[Result "1-0"]
[WhiteElo "1871"]
[BlackElo "1743"]

1.d4 d5 2.c4 c6 3.Nc3 Nf6 4.Nf3 a6 5.a4 e6 6.Bg5 Bb4 7.e3 O-O 8.Qb3 a5 9.Bd3 b6
10.O-O Ba6 11.Rad1 Nbd7 12.cxd5 Bxd3 13.Rxd3 cxd5 14.Ne5 Nxe5 15.dxe5 h6
16.Bh4 g5 17.Bg3 Bxc3 18.Rxc3 Ne4 19.Rc2 Nc5 20.Qb5 Qe8 21.Qxb6 Nxa4 22.Qd4 Rb8
23.Qg4 Kh7 24.f4 Rg8 25.f5 Nxb2 26.Rc7 Rg7 27.Qh5 Rd8 28.fxe6 fxe6 29.Rff7  1-0

[Event "17th Godesberg Open"]
[Site "Bonn GER"]
[Date "2013.08.04"]
[Round "2.4"]
[White "Marcziter,D"]
[Black "Ter Steeg,M"]
[Result "1-0"]
[WhiteElo "2266"]
[BlackElo "1938"]

1.d4 d5 2.Nf3 Nf6 3.c4 c6 4.Nc3 a6 5.c5 g6 6.h3 Bg7 7.Bf4 Ne4 8.e3 Nxc3 9.bxc3 O-O
10.Bd3 f6 11.Qb3 Re8 12.O-O e5 13.dxe5 fxe5 14.Bg5 Qa5 15.e4 Nd7 16.Qb4 Qxc5
17.Qb2 Qa5 18.Be3 Nc5 19.Bc2 Nxe4 20.Bxe4 dxe4 21.Ng5 Qa4 22.c4 Qxc4 23.Rac1 Qb5
24.Qa3 Bf8 25.Bc5 Bxc5 26.Rxc5 Qd3 27.Qc1 Qd6 28.Nxe4 Qe7 29.Re1 Bf5 30.Ng3 Qg7
31.Re3 Bd7 32.Qe1 Qf7 33.Ne4 b6 34.Rf3 Bf5 35.Rxc6 Re6 36.Rcc3 Qe7 37.Ng3 Rf8
38.Qc1 Rd6 39.Kh2 Bd7 40.Ne4 Rxf3 41.Rxf3 Rc6 42.Qd2 Bf5 43.Qd5+ Re6 44.Ng3 Bb1
45.Qb3 Bf5 46.Nxf5 gxf5 47.Rxf5 Kg7 48.Qg3+ Kh8 49.Rg5 Qe8 50.Qc3 Qf8 51.Kg1 Qc5
52.Qg3 Re8 53.Kh2 Qd4 54.Rg4 Qd5 55.Qh4 Qf7 56.Qg5 b5 57.Qe3 Qe7 58.Re4 Qg7
59.g3 Qf7 60.a3 Rc8 61.Rxe5 Rc2 62.Re8+ Kg7 63.Qe5+ Qf6 64.Rg8+  1-0

[Event "22nd Kavala Open 2013"]
[Site "Kavala GRE"]
[Date "2013.08.08"]
[Round "4.7"]
[White "Mastrovasilis,A"]
[Black "Krishna,CRG"]
[Result "1/2-1/2"]
[WhiteElo "2541"]
[BlackElo "2339"]

1.d4 d5 2.c4 c6 3.Nf3 Nf6 4.Nc3 a6 5.cxd5 cxd5 6.Bf4 Nc6 7.Rc1 Bf5 8.e3 e6
9.Qb3 Bb4 10.Be2 O-O 11.O-O Qe7 12.Na4 Na5 13.Qd1 Nd7 14.a3 Bd6 15.Bxd6 Qxd6
16.Nc5 b5 17.Qe1 Nxc5 18.Rxc5 Nb3 19.Rc3 Na5 20.Nh4 Bg6 21.Nxg6 hxg6 22.Rc5 Nb3
23.Rc2 b4 24.a4 Rfc8 25.Qd1 Na5 26.Qd2 Nc4 27.Bxc4 Rxc4 28.Rfc1 Rac8 29.b3 Rxc2
30.Rxc2 Rxc2 31.Qxc2 a5 32.Qc8+ Qf8 33.Qc6 Qd8 34.h3 Kf8 35.g3 Kg8 36.Kg2 Kh7
37.h4 Qf6 38.Qc7 Qf5 39.Qxa5 Qe4+ 40.Kh2 Qc2 41.Qxb4 Qxf2+ 42.Kh3 Qf1+ 43.Kh2 Qf2+  1/2-1/2

[Event "3rd Split Open 2013"]
[Site "Split CRO"]
[Date "2013.08.10"]
[Round "1.5"]
[White "Zakhartsov,Vi"]
[Black "Calija,Z"]
[Result "1-0"]
[WhiteElo "2560"]
[BlackElo "1997"]

1.d4 d5 2.c4 c6 3.Nf3 Nf6 4.Nc3 a6 5.c5 g6 6.Bf4 Bg7 7.h3 Nbd7 8.e3 Ne4 9.Qc2 Qa5
10.a3 Nxc3 11.b4 Qd8 12.Qxc3 O-O 13.Bd3 Re8 14.O-O f5 15.a4 Nf6 16.b5 Ne4
17.Qc2 axb5 18.axb5 Rxa1 19.Rxa1 cxb5 20.Bxb5 Bd7 21.Qb3 Bc6 22.Bxc6 bxc6
23.Ra7 Qc8 24.Qb6 Qe6 25.Qa6 Bf6 26.Be5 Ng5 27.Nxg5 Bxg5 28.Rc7 Rb8 29.Rxc6 Rb1+
30.Kh2 Qd7 31.Rxg6+  1-0

[Event "Stare Mesto Open 2013"]
[Site "Stare Mesto CZE"]
[Date "2013.08.11"]
[Round "4.4"]
[White "Talla,V"]
[Black "Pogan,N"]
[Result "1/2-1/2"]
[WhiteElo "2374"]
[BlackElo "2284"]

1.d4 d5 2.c4 c6 3.Nf3 Nf6 4.Nc3 a6 5.c5 g6 6.Bf4 Nh5 7.Bd2 Nf6 8.h3 Bg7 9.Bf4 O-O
10.e3 Re8 11.Be2 Nfd7 12.O-O f6 13.b4 e5 14.Bh2 e4 15.Nd2 Nf8 16.a4 f5 17.Nb3 g5
18.Qd2 Ng6 19.b5 g4 20.hxg4 fxg4 21.bxa6 Nxa6 22.Bxa6 Rxa6 23.Rfb1 h5 24.Ne2 Nh4
25.Bg3 Nf5 26.Bf4 h4 27.a5 Bf6 28.Nbc1 Re7 29.Rb6 Qe8 30.Rxa6 bxa6 31.Rb1 Bb7
32.Rb6 Rh7 33.Qb2 Qc8 34.Be5 Bd8 35.Nf4 g3 36.Qe2 gxf2+ 37.Kxf2 Ng3 38.Qd1 Qf5
39.Qb3 Qf7 40.Ne2 Nf5 41.Ke1 Bxb6 42.cxb6 Qe7 43.Qc3 Qg5 44.Kd2 Ng3 45.Qa3 Qg4
46.Qd6 Rf7 47.Nxg3 hxg3 48.Qd8+ Rf8 49.Qc7 Rf7 50.Qd8+  1/2-1/2

[Event "10th Malaysian Open"]
[Site "Kuala Lumpur MAS"]
[Date "2013.08.12"]
[Round "5.30"]
[White "Ong,Way"]
[Black "Castellano,Christo"]
[Result "1-0"]
[WhiteElo "2024"]
[BlackElo "2268"]

1.Nf3 d5 2.d4 Nf6 3.c4 c6 4.Nc3 a6 5.c5 Nbd7 6.Bf4 Nh5 7.g3 g6 8.Bg2 Bg7
9.O-O Nxf4 10.gxf4 O-O 11.e3 Qc7 12.Ne2 Nf6 13.Ng3 Bg4 14.h3 Bxf3 15.Qxf3 e6
16.b4 Nd7 17.Rab1 b6 18.Rfc1 a5 19.cxb6 Nxb6 20.b5 Nc4 21.Rxc4 dxc4 22.Qxc6 Qe7
23.Qxc4 Rfc8 24.Qa4 Rab8 25.Qxa5 g5 26.f5 e5 27.d5 Qc5 28.f6 Qc2 29.Be4 Qc4
30.fxg7 Ra8 31.Qb6  1-0

[Event "22nd Kavala Open 2013"]
[Site "Kavala GRE"]
[Date "2013.08.13"]
[Round "9.13"]
[White "Charkhalashvili,I"]
[Black "Koepke,C"]
[Result "1/2-1/2"]
[WhiteElo "2353"]
[BlackElo "2351"]

1.d4 d5 2.c4 c6 3.Nc3 Nf6 4.Nf3 a6 5.e3 Bf5 6.Qb3 b5 7.cxd5 cxd5 8.a4 b4
9.Nb1 Nc6 10.Bd3 Na5 11.Qd1 Bxd3 12.Qxd3 e6 13.Nbd2 Bd6 14.O-O O-O 15.b3 Qe7
16.Rb1 Qb7 17.Bb2 Ne4 18.Rbc1 f5 19.Nb1 Qe7 20.Rc2 g5 21.Rfc1 Qb7 22.Ne5 Rac8
23.f3 Nf6 24.Nd2 Kg7 25.h3 Rfe8 26.g4 fxg4 27.hxg4 Rxc2 28.Qxc2 Re7 29.Qd3  1/2-1/2

[Event "28th Metropolitan GM"]
[Site "Los Angeles USA"]
[Date "2013.08.13"]
[Round "1"]
[White "Shen,V"]
[Black "Liou,Y"]
[Result "1-0"]
[WhiteElo "2415"]
[BlackElo "2402"]

1.d4 d5 2.c4 c6 3.Nf3 Nf6 4.Nc3 a6 5.e3 g6 6.Bd3 Bg7 7.O-O O-O 8.Qb3 e6 9.e4 dxe4
10.Bxe4 Nbd7 11.Be3 Qc7 12.Rad1 Ng4 13.Bg5 e5 14.d5 f5 15.dxc6 bxc6 16.c5+ Kh8
17.Be7 fxe4 18.Ng5 Nh6 19.Ne6 Qb8 20.Nxf8 Qxb3 21.axb3 Bxf8 22.Bxf8 Nxf8
23.Rd8 Kg7 24.Nxe4 Nf7 25.Re8 Rb8 26.Rd1 Rb4 27.Rxc8 Rxe4 28.Rxc6 Rb4 29.Rb6 Re4
30.Kf1 Rh4 31.h3 e4 32.c6 Rh5 33.Rc1  1-0

[Event "XXV Jirasek Mem 2013"]
[Site "Rakovnik CZE"]
[Date "2013.08.13"]
[Round "5.1"]
[White "Cernousek,L"]
[Black "Velicka,P"]
[Result "1/2-1/2"]
[WhiteElo "2457"]
[BlackElo "2421"]

1.d4 d5 2.c4 c6 3.Nf3 Nf6 4.Nc3 a6 5.e3 e6 6.Qc2 c5 7.cxd5 exd5 8.dxc5 Bxc5
9.Be2 Nc6 10.O-O O-O 11.Rd1 Ba7 12.b3 Bg4 13.Bb2 Rc8 14.Qd2 Ne4 15.Qe1 Nxc3
16.Bxc3 Re8 17.Rd2 Bxf3 18.Bxf3 d4 19.Bxc6 Rxc6 20.Bxd4 Bxd4 21.Rxd4 Qxd4
22.exd4 Rxe1+ 23.Rxe1 Kf8 24.Kf1 Rc2 25.a4 Rd2 26.Re4 Rb2 27.Re3  1/2-1/2

[Event "28th Schwarzacher Open"]
[Site "Schwarzach AUT"]
[Date "2013.08.18"]
[Round "3.3"]
[White "Kunin,V"]
[Black "Berchtenbreiter,M"]
[Result "1-0"]
[WhiteElo "2514"]
[BlackElo "2405"]

1.d4 Nf6 2.Nf3 d5 3.c4 c6 4.Nc3 a6 5.e3 b5 6.b3 Bg4 7.Qc2 e6 8.Ne5 Bf5 9.Bd3 Bxd3
10.Nxd3 Nbd7 11.c5 a5 12.O-O Be7 13.Bd2 O-O 14.b4 Qc7 15.a4 axb4 16.Nxb4 bxa4
17.Rxa4 e5 18.Rfa1 Rac8 19.h3 Rfe8 20.Ra6 Qb7 21.Ra7 Qb8 22.R7a6 Qb7 23.Rb1 Nb8
24.Rb6 Qc7 25.Nd3 Nbd7 26.Rb7 Qd8 27.dxe5 Ne4 28.Nxe4 dxe4 29.Nf4 Nxc5 30.Ra7 Bf8
31.Ba5 Qg5 32.Rxf7 Kxf7 33.Qc4+ Ne6 34.Rb7+ Kg8 35.Nxe6 Qxe5 36.Nxg7+ Qd5
37.Nxe8 Rxe8 38.Qxd5+ cxd5 39.Rd7 Re5 40.Bc3 Rg5 41.g4 Bc5 42.Bf6 Rg6 43.g5  1-0

[Event "12th Lichtenberger Sommer"]
[Site "Berlin GER"]
[Date "2013.08.22"]
[Round "6.27"]
[White "Kollberg,L"]
[Black "Krajewski,W"]
[Result "1/2-1/2"]
[WhiteElo "2214"]
[BlackElo "2073"]

1.d4 d5 2.c4 c6 3.Nc3 Nf6 4.Nf3 a6 5.a4 e6 6.e3 a5 7.Bd3 Bb4 8.O-O O-O 9.Qe2 Nbd7
10.e4 Bxc3 11.bxc3 dxe4 12.Bxe4 Nxe4 13.Qxe4 Nb6 14.Ng5 f5 15.Qe2 Qf6 16.Re1 h6
17.Nf3 Re8 18.Ne5 Nd7 19.Qh5 Rd8 20.Ba3 Nxe5 21.Rxe5 b6 22.Rae1 c5 23.dxc5 bxc5
24.Bxc5 Bd7 25.Bd4 Qf7 26.Qxf7+ Kxf7 27.Bb6 Re8 28.Bxa5 Bxa4 29.Bb6 Bb3 30.c5 Bd5
31.f3 Ra6 32.Kf2 Rea8 33.h4 g6 34.Kg3 Rg8 35.R5e2 g5 36.hxg5 Rxg5+ 37.Kf2 Rg6
38.Bc7 Ra4 39.Be5 Rg8 40.Rh1 Rg6 41.g3 Ra5 42.Bd4 Ke8 43.Rb2 Ra6 44.Be5 Kd7
45.Rhb1 Rg8 46.Rb8 Ra2+ 47.Ke3 Rxb8 48.Rxb8 Ra1 49.Rb2 Re1+  1/2-1/2

[Event "TCh-POR Div1 Final 2013"]
[Site "Matosinhos POR"]
[Date "2013.08.23"]
[Round "7.2"]
[White "Damaso,R"]
[Black "Diogo,V"]
[Result "1-0"]
[WhiteElo "2379"]
[BlackElo "2300"]

1.d4 d5 2.c4 c6 3.Nc3 Nf6 4.Nf3 a6 5.a4 Bf5 6.Qb3 Ra7 7.a5 e6 8.Qb6 Qxb6
9.axb6 Ra8 10.c5 Nbd7 11.e3 Ne4 12.Nxe4 Bxe4 13.Nd2 Nxc5 14.dxc5 Bxc5 15.Nxe4 dxe4
16.Ra4 f5 17.Bd2 Bxb6 18.Bc4 Bd8 19.Bxe6 Rf8 20.g4 b5 21.Rd4 Bf6 22.Bxf5 Bxd4
23.exd4 g6 24.Bxe4 Kd7 25.Ke2 a5 26.f3  1-0

[Event "e2e4 Coventry Open"]
[Site "Coventry ENG"]
[Date "2013.08.25"]
[Round "5"]
[White "Walton,A"]
[Black "Burke,Steven J"]
[Result "1-0"]
[WhiteElo "2155"]
[BlackElo "2001"]

1.d4 d5 2.c4 c6 3.Nc3 Nf6 4.Nf3 a6 5.c5 Bf5 6.h3 h6 7.Bf4 Ne4 8.Qb3 Bc8 9.e3 Nxc3
10.bxc3 Nd7 11.Bd3 g6 12.O-O Bg7 13.c4 dxc4 14.Bxc4 e6 15.Bd6 Nf6 16.Nd2 b5
17.Bd3 Bf8 18.Be5 Bg7 19.a4 Bb7 20.Ne4 O-O 21.Nd6 Qd7 22.Qc2 Ne8 23.axb5 axb5
24.Rxa8 Bxa8 25.Ra1 Nxd6 26.Bxd6 Rc8 27.Qe2 Bf8 28.Bxf8 Kxf8 29.Qf3 Qd8 30.Bxg6 f5
31.Bxf5 exf5 32.Qxf5+ Kg8 33.Qg6+ Kh8 34.Qxh6+ Kg8 35.Qg6+ Kh8 36.Ra7 Rc7
37.Rxc7 Qxc7 38.Qe8+  1-0

[Event "TCh-SRB 1st League 2013"]
[Site "Kragujevac SRB"]
[Date "2013.08.25"]
[Round "2.3"]
[White "Bozic,Mila"]
[Black "Laketic,G"]
[Result "1/2-1/2"]
[WhiteElo "2427"]
[BlackElo "2419"]

1.Nf3 d5 2.d4 c6 3.c4 Nf6 4.Nc3 a6 5.Bf4 dxc4 6.Bxb8 Rxb8 7.Ne5 e6 8.a3 c5
9.e3 cxd4 10.exd4 Bd6 11.Nxc4 O-O 12.Ne3 Bd7 13.Be2  1/2-1/2

[Event "XXX Collado Villalba Open 2013"]
[Site "Collado Villalba ESP"]
[Date "2013.08.26"]
[Round "4.13"]
[White "Cao Armillas,J"]
[Black "Martin Martin,Lu"]
[Result "1/2-1/2"]
[WhiteElo "2186"]
[BlackElo "2034"]

1.d4 d5 2.c4 c6 3.Nf3 Nf6 4.Nc3 a6 5.c5 Nbd7 6.Bf4 Nh5 7.e3 Nxf4 8.exf4 g6
9.Bd3 Bg7 10.O-O b6 11.cxb6 Nxb6 12.Ne5 Bb7 13.f5 Bxe5 14.dxe5 gxf5 15.Bxf5 e6
16.Bd3 Qc7 17.Qe2 Nd7 18.f4 Nc5 19.f5 O-O-O 20.Kh1 Nxd3 21.Qxd3 Qxe5 22.Rae1 Qd6
23.fxe6 fxe6 24.Rf6 Rde8 25.Qh3 Kb8 26.Rfxe6 Rxe6 27.Rxe6 Qf4 28.Ne2 Qf1+
29.Ng1 c5 30.Re7 Qb5 31.Qg3+ Ka8 32.b3 d4 33.a4 Qc6 34.Rg7 Rd8 35.Nf3 d3
36.Nd2 Qh6 37.Rg5 Qf6 38.h4 Qd4 39.Rg4 Qc3 40.Qe3 Bd5 41.Qe7 Rb8 42.Qd6 Bb7
43.Nc4 d2 44.Kh2 Qxb3 45.Nxd2 Qd5 46.Qh6 Qe5+ 47.Kg1 Rd8 48.Nf1 Rd7 49.Qb6 Rg7
50.Rxg7 Qxg7 51.Qd8+ Ka7 52.Qd2 Qg4 53.Qf2 Qd4 54.Qxd4 cxd4 55.g4 Kb6 56.Nd2 Bd5
57.g5 Ka5 58.h5 Bf7 59.g6 Bxg6  1/2-1/2

[Event "Dieppe Open 2013"]
[Site "Dieppe FRA"]
[Date "2013.08.26"]
[Round "2"]
[White "Agdestein,S"]
[Black "Ribeiro,Ro"]
[Result "1-0"]
[WhiteElo "2567"]
[BlackElo "2242"]

1.d4 d5 2.c4 c6 3.Nc3 Nf6 4.Nf3 a6 5.a4 e6 6.g3 Bb4 7.Bg2 O-O 8.O-O Nbd7
9.Qc2 Re8 10.Rd1 b6 11.b3 Bb7 12.Bb2 Rc8 13.Rac1 Qc7 14.Na2 Bd6 15.a5 dxc4
16.bxc4 c5 17.axb6 Qxb6 18.Nc3 cxd4 19.Na4 Qc7 20.Bxd4 e5 21.Be3 Ba3 22.Ra1 Bb4
23.Bh3 Be4 24.Qa2 Rb8 25.Rac1 Red8 26.Nc3 Bxc3 27.Rxc3 Qb7 28.Nd2 Bg6 29.Ra3 Nf8
30.Ra1 Qb2 31.Rxa6 Ne4 32.Nxe4 Bxe4 33.c5 Qc3 34.Ra3 Qb2 35.Ra7 Bd5 36.Qxb2 Rxb2
37.Rd1 Be6 38.Rxd8 Bxh3 39.Ra1 f5 40.c6  1-0

[Event "TCh-SRB 1st League 2013"]
[Site "Kragujevac SRB"]
[Date "2013.08.27"]
[Round "4.1"]
[White "Rajkovic,Du"]
[Black "Lukovic,V"]
[Result "1/2-1/2"]
[WhiteElo "2394"]
[BlackElo "2346"]

1.d4 d5 2.c4 c6 3.Nf3 Nf6 4.Nc3 a6 5.e3 g6 6.Be2 Bg7 7.O-O O-O 8.b3 b5 9.Bb2 Nbd7
10.Qc2 Bb7 11.Rfd1 e6 12.Ba3 Re8 13.Bd6 Nf8 14.Be5 N8d7 15.Bd6 Nf8 16.Be5 N8d7
17.Bf4 Nh5 18.Bd6 Nhf6  1/2-1/2

[Event "TCh-SRB 1st League 2013"]
[Site "Kragujevac SRB"]
[Date "2013.08.29"]
[Round "6.5"]
[White "Georgiev,Ki"]
[Black "Drazic,S"]
[Result "1/2-1/2"]
[WhiteElo "2637"]
[BlackElo "2473"]

1.Nf3 Nf6 2.c4 c6 3.Nc3 d5 4.d4 a6 5.g3 dxc4 6.Bg2 g6 7.O-O Bg7 8.Ne5 Be6
9.e4 O-O 10.Bf4 Nfd7 11.Nf3 Bg4 12.e5 f6 13.exf6 exf6 14.h3 Be6 15.d5 Bf7
16.Re1 Nc5 17.dxc6 Nxc6 18.Bd6 Nd3 19.Bxf8 Nxe1 20.Bxg7 Nxf3+ 21.Qxf3 Kxg7
22.Rd1 Qe7 23.Qe4 Re8 24.Qxe7 Rxe7 25.Bxc6 bxc6 26.f4 Rb7 27.Rd2 Bd5 28.Kf2 Kf7
29.Re2 h5 30.h4 a5 31.Na4 Rb8 32.Nc3 Rd8 33.Rd2 Ke6 34.Re2+ Kd6 35.Rd2 Re8
36.Re2 Rb8 37.Na4 g5 38.hxg5 fxg5 39.fxg5 Rg8 40.Nc3 Rxg5 41.Re8 Rf5+ 42.Ke2 Rg5
43.Kf2 Rf5+ 44.Ke2 Kc5 45.Kd2 Rf2+ 46.Kc1 Rg2 47.Rh8 Bf3 48.Rg8 Kd4 49.a4 Kc5
50.Rg5+ Kb6 51.Kb1 Rg1+ 52.Kc2 Rg2+ 53.Kc1 Bg4 54.Ne4 Be2 55.Nf6 Rh2 56.Kd2 Bd3+
57.Kc3 Rc2+ 58.Kd4 Rxb2 59.Rxh5 Bg6 60.Rg5 Bf7 61.Nd7+ Kc7 62.Ne5 Bd5 63.Rg7+ Kc8
64.Ra7 Rd2+ 65.Kc3 Rg2 66.Rg7 Rg1 67.Rg4 Rc1+ 68.Kb2 Rg1 69.Nxc4 Bxc4 70.Rxc4 Rg2+
71.Rc2 Rxg3 72.Rxc6+ Kb7  1/2-1/2

[Event "74th ch-ARM 1st League"]
[Site "Yerevan ARM"]
[Date "2013.08.29"]
[Round "8.2"]
[White "Harutyunian,T"]
[Black "Vardanian,HaiG"]
[Result "1/2-1/2"]
[WhiteElo "2334"]
[BlackElo "2339"]

1.d4 d5 2.c4 c6 3.Nf3 Nf6 4.Nc3 a6 5.a4 e6 6.Bg5 Nbd7 7.e3 Qa5 8.Nd2 Bb4
9.Qc2 dxc4 10.Bxf6 Nxf6 11.Nxc4 Qc7 12.Be2 c5 13.O-O cxd4 14.exd4 O-O 15.Qb3 Bd6
16.g3 Bd7 17.Nb6 Rad8 18.Nxd7 Rxd7 19.Rfd1 Re8 20.Bf3 Qa5 21.Rac1 Bb4 22.Ne4 Nxe4
23.Bxe4 Red8 24.Rd3 g6 25.Rcd1 Qb6 26.Bf3 Rxd4 27.Rxd4 Rxd4 28.Rxd4 Qxd4
29.Bxb7 Bc5 30.Qc2 a5 31.Kg2 e5 32.h4 h5 33.Bc6 Kf8 34.Bb7 f5 35.Bc6 Ke7
36.Bb7 Kd7 37.Ba6 Qd5+ 38.Kh2 Kd6 39.Kg1 e4 40.Be2 f4 41.gxf4 Qf5 42.Qd2+ Ke7
43.Qc3 Bd6 44.Qg7+ Kd8 45.Qg8+ Ke7 46.Qg7+ Qf7 47.Qxf7+ Kxf7 48.f5 Be7 49.fxg6+ Kxg6
50.Bb5 Bxh4 51.Be8+ Kf5  1/2-1/2

[Event "15th Sants Open 2013"]
[Site "Barcelona ESP"]
[Date "2013.08.30"]
[Round "8.2"]
[White "Potkin,V"]
[Black "Burmakin,V"]
[Result "1/2-1/2"]
[WhiteElo "2647"]
[BlackElo "2565"]

1.d4 d5 2.c4 c6 3.Nc3 Nf6 4.Nf3 a6 5.e3 g6 6.Be2 Bg7 7.O-O O-O 8.Bd2 Ne4
9.Be1 Nxc3 10.Bxc3 dxc4 11.Bxc4 c5 12.dxc5 Bxc3 13.Qxd8 Rxd8 14.bxc3 Nc6
15.Ng5 Ne5 16.Bb3 e6 17.Rfd1 Bd7 18.Rd4 h6 19.Ne4 Kf8 20.Nd6 Bc6 21.Ba4 Bxa4
22.Rxa4 b6 23.h3 bxc5 24.Nc4 Nxc4 25.Rxc4 Rac8 26.Rb1 Ke7 27.g4 Rc7 28.Kg2 Rd2
29.a4 g5 30.h4  1/2-1/2

[Event "US Masters 2013"]
[Site "Greensboro USA"]
[Date "2013.08.30"]
[Round "2.2"]
[White "Sarkar,J"]
[Black "Ramirez,Alej"]
[Result "0-1"]
[WhiteElo "2437"]
[BlackElo "2588"]

1.d4 d5 2.c4 c6 3.Nf3 Nf6 4.Nc3 a6 5.c5 g6 6.Bf4 Nh5 7.Bd2 Bg7 8.h3 O-O 9.Na4 Nd7
10.Nb6 Nxb6 11.Ba5 e5 12.Bxb6 Qe7 13.Nxe5 Bxe5 14.dxe5 Qxe5 15.e3 Qxb2 16.Qd4 Qxd4
17.exd4 Re8+ 18.Kd2 Ng7 19.Bd3 Bf5 20.Rhe1 Ne6 21.Bxf5 gxf5 22.Kc3 f6 23.Ba5 Re7
24.f4 Kf7 25.g3 Rg8 26.Re3 Nf8 27.Rxe7+ Kxe7 28.Re1+ Kd7 29.Re3 Ne6 30.Kd3 Ng7
31.a4 Nh5 32.Be1 a5 33.Ke2 Ng7 34.Rb3 Re8+ 35.Kf2 Kc8 36.Bxa5 Re4 37.Rd3 Ne6
38.Bc3 h5 39.h4 Kb8 40.Rd1 Ka7 41.Kf3 Ka6 42.Rd2 Nc7 43.Rb2 Na8 44.Kf2 b6
45.Bb4 b5 46.axb5+ Kxb5 47.Be1+ Kc4 48.Rb8 Nc7 49.Rh8 Ne6 50.Rxh5 Nxd4 51.Rh6 Nc2
52.Ba5 d4 53.Rxf6 Kb5 54.Bd2 d3 55.Bc3 Re2+ 56.Kg1 Kc4 57.Ba5 Nd4 58.Kf1 d2
59.Bxd2 Rxd2 60.h5 Kxc5 61.h6 Rh2 62.Kg1 Rh5 63.Kg2 Kd5 64.Rg6 Ne6 65.Rf6 c5
66.g4 fxg4 67.Kg3 c4 68.Kxg4 Rh1 69.f5 Nd4 70.Rf8 Rxh6 71.f6 Ne6 72.Rf7 Ke5  0-1

[Event "US Masters 2013"]
[Site "Greensboro USA"]
[Date "2013.08.31"]
[Round "4.1"]
[White "Lenderman,A"]
[Black "Ramirez,Alej"]
[Result "1/2-1/2"]
[WhiteElo "2527"]
[BlackElo "2588"]

1.d4 d5 2.c4 c6 3.Nf3 Nf6 4.Nc3 a6 5.c5 g6 6.h3 Bg7 7.Bf4 O-O 8.e3 Re8 9.Be2 Nfd7
10.O-O e5 11.Bh2 exd4 12.exd4 Nf8 13.Na4 Nbd7 14.Re1 Ne6 15.Rc1 Bh6 16.Rc3 Bf4
17.Bxf4 Nxf4 18.Bf1 Rxe1 19.Qxe1 Ne6 20.Ne5 Qc7 21.Re3 Nxe5 22.Rxe5 Bd7 23.Nb6 Re8
24.b4 Kf8 25.Qd2 Kg7 26.a4 Nf8 27.Rxe8 Bxe8 28.Qe3 Qd8 29.Be2 f6 30.Bg4 Bd7
31.Bf3 Be6 32.h4 h5 33.g3 Bf5 34.Be2 Kf7 35.f3 Nd7 36.a5 Nf8 37.Kf2 Qc7 38.Qh6 Kg8
39.Qe3 Kf7 40.Qh6  1/2-1/2